Normal view MARC view
  • KOTWAL, PRAKASH AND MITTAL, KANCHAN

Entry Personal Name

Number of records used in: 1

001 - CONTROL NUMBER

  • control field: 7950

003 - CONTROL NUMBER IDENTIFIER

  • control field: JRU

005 - DATE AND TIME OF LATEST TRANSACTION

  • control field: 20230817140314.0

008 - FIXED-LENGTH DATA ELEMENTS

  • fixed length control field: 230817|| aca||aabn | a|a d

040 ## - CATALOGING SOURCE

  • Original cataloging agency: JRU
  • Transcribing agency: JRU

100 ## - HEADING--PERSONAL NAME

  • Personal name: KOTWAL, PRAKASH AND MITTAL, KANCHAN

670 ## - SOURCE DATA FOUND

  • Source citation: Work cat.: (JRU)8372: KOTWAL, PRAKASH AND MITTAL, KANCHAN, JOSHI AND KOTWAL'S ESSENTIALS OF ORTHOPAEDICS AND APPLIED PHYSIOTHERAPY, 2020